zpět

Detail výsledku týmu

Dělnický dům, Jihlava

Datum a čas kvízu

30.5 Celkem bodů Celkový počet nahraných bodů na tomto kvízu bez doplňovacích otázek.
4. Pořadí na kvízu Konečné umístění týmu na tomto kvízu.

Zaznamenané odpovědi

# Otázka Odpověď Body Výsledky
1. Pražský městský soud pravomocn... Modlitba pro Martu 1
2. Minulý týden se ve Spojených s... Joe Biden 1
3. Jedna z nejslavnějších rockový... Genesis 1
4. V úterý byl vyhlášen Podnikate... Oliver Dlouhý 1
5. Naše reprezentantka Markéta Da... Denise Herrmannová 1
6. V následujících pěti otázkách... krokodýl 0
7. Desomorfin je syntetický opioi... v Rusku 1
8. Značka Crocs je známá předevší... v USA 0
9. Česká rodinná komedie Jak se k... Marie Poledňáková 1
10. Jak se jmenoval tento muž, zva... Bill Haley 0